Model Village: Perspectives for Rural Development (Record no. 14155)

000 -LEADER
fixed length control field 00421nam a2200169Ia 4500
003 - CONTROL NUMBER IDENTIFIER
control field OSt
005 - DATE AND TIME OF LATEST TRANSACTION
control field 20260317112702.0
008 - FIXED-LENGTH DATA ELEMENTS--GENERAL INFORMATION
fixed length control field 260210s9999 xx 000 0 und d
020 ## - INTERNATIONAL STANDARD BOOK NUMBER
International Standard Book Number 9789383419746
082 ## - DEWEY DECIMAL CLASSIFICATION NUMBER
Classification number 307.1412
100 ## - MAIN ENTRY--PERSONAL NAME
Personal name Vinita Yadav,
245 #0 - TITLE STATEMENT
Title Model Village: Perspectives for Rural Development
260 ## - PUBLICATION, DISTRIBUTION, ETC. (IMPRINT)
Name of publisher, distributor, etc Copal Publishing Group
260 ## - PUBLICATION, DISTRIBUTION, ETC. (IMPRINT)
Date of publication, distribution, etc 2017
700 ## - ADDED ENTRY--PERSONAL NAME
Personal name Meet Fatewar
942 ## - ADDED ENTRY ELEMENTS (KOHA)
Item type B.PLAN
Source of classification or shelving scheme
Holdings
Withdrawn status Lost status Source of classification or shelving scheme Damaged status Koha normalized classification for sorting Not for loan Permanent location Current location Shelving location Date acquired Full call number Barcode Date last seen Price effective from Koha item type
        307_141200000000000   BMS College of Architecture, Design and Planning BMS College of Architecture, Design and Planning General Stacks 2025-12-25 307.1412 AR-UG4953 2026-02-10 2026-02-10 B.PLAN
Copyright © 2025, The Librarian, Library and Information Centre, BMSCA D&P, Bengaluru. All Rights Reserved
web counter

Powered by Koha